Hoạt động kinh tế của người Hoa ở Hội An thời kỳ các chúa Nguyễn /
Saved in:
| Main Author: | |
|---|---|
| Format: | Article |
| Language: | Vietnamese |
| Subjects: | |
| Tags: |
Add Tag
No Tags, Be the first to tag this record!
|
| Institutions: | Thư viện Trường Đại học Đà Lạt |
|---|
| LEADER | 00782nam a2200265 4500 | ||
|---|---|---|---|
| 001 | DLU110128085 | ||
| 005 | ##20111115 | ||
| 040 | # | # | |a DLU |b vie |
| 041 | # | # | |a vie |
| 044 | # | # | |a vn |
| 100 | # | # | |a Dương Văn Huy, |c ThS. |
| 245 | # | # | |a Hoạt động kinh tế của người Hoa ở Hội An thời kỳ các chúa Nguyễn / |c Dương Văn Huy. |
| 653 | # | # | |a Hội An |
| 653 | # | # | |a Người Hoa |
| 653 | # | # | |a Thương mại |
| 773 | # | # | |t Nghiên cứu Lịch sử |g Số 4(408), 2010, tr. 31-44 |
| 920 | # | # | |a Phòng Tạp chí -- Trung tâm Thông tin - Thư viện Trường Đại học Đà Lạt |
| 994 | # | # | |a DLU |
| 900 | # | # | |a True |
| 911 | # | # | |a Nguyễn Thị Linh Chi |
| 925 | # | # | |a G |
| 926 | # | # | |a A |
| 927 | # | # | |a BB |
| 980 | # | # | |a Thư viện Trường Đại học Đà Lạt |